00339nam a2200097 a 450000500170000000800410001705000200005824500780007826000360015650000490019220140513081055.0060925s19uu xx 00 eng d aVCDbSu959 1982 aSuperbook 2:bStory of Abraham and Lot ; Judgement of Sodom and Gomorrah. bCBN Asia,aPhilippines :c1982. aVolume 1: Titles: Where, Oh Where, Hot Dog